000 00329 a2200121 4500
000 nam a22 7a 4500
005 20251217121437.0
020 _a978-0691-12911-2
100 _aDiner, Dan
_9857292
245 _aLost in the sacred: why the muslim world stood still
260 _bPrineton University Press
_c2009
942 _cTB
999 _c1466443
_d1466443